000 00491nam a2200169Ia 4500
003 LK-CoDNM
008 010623t2010 xxu||||| |||| 00| 1 sin d
040 _aLK-CoDNM
_dLK-CoDNM
_eLK-CoDNM
041 _asin
080 _a294.3 GNA
100 _aGnananda Himi,Kiribathgoda
245 _aරට්ඨපාල මහ රහතන් වහන්සේ
246 _aRattapala Maha Rahathan Wahanse
260 _bMahamewna Sadaham
_aPolgahawela
_c2010
300 _b54, 30 cm
942 _cBK
999 _c130245
_d130245